00729nam a22002177a 4500003000500000005001700005008004100022010000900063011000900072035000900081040000900090100002700099245011600126260004000242300003000282502007500312650002000387650003600407650004000443700002800483CHAP20220329133628.0971013s1994 r 00010 d a8786 a9758 a8993 cCHAP00aCastillo Alfaro, Juan. aEfecto de la levadura torula (Candida utilis) en cerdos alimentados con escamocha en la etapa de finalización aChapingo, Méx. :bEl autor,c1994 a80 p.b: ilus. ; gráfs. aTesis (Ing. Agr. Esp. en Zootecnia) -- UACH. Departamento de Zootecnia14aCandida utilis.14aGanado porcinoxAlimentación.14aLevaduras en alimentación animal.0 aDuarte Arreola, José.